| 000 | 00568nam a22002057a 4500 | ||
|---|---|---|---|
| 001 | 00028550 | ||
| 005 | 20260312143652.0 | ||
| 008 | 260312b ag ||||| |||| 00| 0 spa d | ||
| 020 | _a9789502412115 | ||
| 040 |
_bspa _cAR-CcCEOS |
||
| 080 | _a918(829.0) | ||
| 090 | _bSAN | ||
| 100 | 1 |
_aSanchez, Rodolfo A. _9874 |
|
| 245 |
_aAntártida : _bIntroducción a un continente remoto / _cRodolfo A. Sánchez |
||
| 250 | _a1a ed. | ||
| 260 |
_aBuenos Aires : _bAlbatros, _c2007. |
||
| 300 |
_a256 p. : _bil. byn. ; _c15x22 cm. |
||
| 650 | 0 | _apaisaje | |
| 942 |
_2udc _cBK |
||
| 999 |
_c28580 _d28580 |
||
| 945 |
_a66467 _bMelina Rolando _c66467 _dMelina Rolando |
||